Dom smútku, Pezinok
Salvato in:
| Autore principale: | |
|---|---|
| Altri autori: | |
| Natura: | Manoscritto Libro |
| Lingua: | slovacco |
| Pubblicazione: |
Bratislava
2023
|
| Soggetti: | |
| Accesso online: | http://is.stuba.sk/zp/portal_zp.pl?podrobnosti=155615 |
| Tags: |
Nessun Tag, puoi essere il primo ad aggiungerne!!
|
MARC
| LEADER | 00000ntm a22000003a 4500 | ||
|---|---|---|---|
| 001 | stuzp93494 | ||
| 003 | SK-STU | ||
| 005 | 20231004105415.6 | ||
| 007 | ta | ||
| 008 | 150427s2015----xo-----f-mn---000-0-slo-d | ||
| 040 | |a STU |b slo | ||
| 041 | 0 | |a slo | |
| 100 | 1 | |a Mikušková, Anna |u 053130 |4 aut |U FAD Fakulta architektúry a dizajnu |T FAD Ústav dejín a teórie architektúry a obnovy pamiatok |X 103551 |U A3130 |Y 394 |7 103551 | |
| 242 | 0 | 1 | |a Funeral Hall, Pezinok |y eng |
| 245 | 1 | 0 | |a Dom smútku, Pezinok |
| 260 | |c 2023 |a Bratislava | ||
| 650 | 4 | |a cintorín |2 slo | |
| 650 | 4 | |a žiaľ |2 slo | |
| 650 | 4 | |a zmierenie |2 slo | |
| 650 | 4 | |a zrkadlenie |2 slo | |
| 650 | 4 | |a dom smútku |2 slo | |
| 650 | 4 | |a Funeral hall |2 eng | |
| 650 | 4 | |a cemetery |2 eng | |
| 650 | 4 | |a grief |2 eng | |
| 650 | 4 | |a peace |2 eng | |
| 650 | 4 | |a mirroring |2 eng | |
| 700 | 1 | |a Hrašková, Nadežda |u 053130 |k Z7 |4 ths |U FAD Fakulta architektúry a dizajnu |T FAD Ústav dejín a teórie architektúry a obnovy pamiatok |X 498 |U A3130 |Y 394 |7 A000000498 | |
| 856 | 4 | |u http://is.stuba.sk/zp/portal_zp.pl?podrobnosti=155615 |u https://opac.crzp.sk/?fn=detailBiblioForm&sid=C03CB0FBA6588971DF392AD1B6BF | |